Представление документа в формате RUSMARC

Поле Инд. ПП Название Значение
Тип записи a
Библиографический уровень a
001 Контрольный номер ddd1cbfcdf204d5eb4f124f5d45f6504
005 Дата корректировки 20181120134548.9
100 a Данные общей обработки 20180904 ||| 0rusy0189 ca
101 0_ a Язык текста rus
102 a Страна публикации RU
200 1_ f Первые сведения об ответственности В.В. Кикавец
a Заглавие Обеспечение публичных интересов государства в товарах, работах, услугах в период реализации стратегии развития информационного общества
210 d Дата издания 2018
461 _0 1 2000
a Финансовое право
463 _0 1 2000
a №4
v С. 28-31
1 2101
d 2018
1 001c257a3b8dd9742cebb36539df0cd271b
606 a Основная рубрика Финансовое право
610 0_ a Ключевые слова РГУП
a Ключевые слова ФИНАНСИРОВАНИЕ
a Ключевые слова ПРАВОВОЕ РЕГУЛИРОВАНИЕ
a Ключевые слова ГОСУДАРСТВЕННЫЕ ЗАКУПКИ
a Ключевые слова КОНТРАКТ
a Ключевые слова ЭЛЕКТРОННАЯ КОММЕРЦИЯ
700 _1 a Фамилия Кикавец
b Имя В.В.
801 _0 a Страна RU
b Организация РГУП
c Дата составления 20180904
g Правила каталогизации PSBO
801 _1 a Страна RU
b Организация РГУП
c Дата составления 20180904
g Правила каталогизации PSBO
901 t Тип документа b
w Контрольный № источника c257a3b8dd9742cebb36539df0cd271b
905 a Дата ввода 20180904